ბათუმის შოთა რუსთაველის სახელმწიფო უნივერსიტეტის ბიბლიოთეკა

Энциклопедический словарь: В 3 т : т 2 : К — Праща / (ბიბ.ჩანაწერი № 56933)

000 -LEADER
fixed length control field 00752nam a22001697a 4500
005 - DATE AND TIME OF LATEST TRANSACTION
control field 20190626152916.0
008 - FIXED-LENGTH DATA ELEMENTS--GENERAL INFORMATION
fixed length control field 190626s1954 ||||| |||| 00| 0 rus d
041 ## - LANGUAGE CODE
Language code of text/sound track or separate title rus
080 ## - UNIVERSAL DECIMAL CLASSIFICATION NUMBER
Universal Decimal Classification number 81'374.822 Э - 68
245 ## - TITLE STATEMENT
Title Энциклопедический словарь: В 3 т : т 2 : К — Праща /
Statement of responsibility, etc. Гл. ред. Б. А. Введенский .
264 ## - PRODUCTION, PUBLICATION, DISTRIBUTION, MANUFACTURE, AND COPYRIGHT NOTICE
Place of production, publication, distribution, manufacture Москва :
Name of producer, publisher, distributor, manufacturer Большая сов. энцикл.,
Date of production, publication, distribution, manufacture, or copyright notice 1954,
300 ## - PHYSICAL DESCRIPTION
Extent 719 с. :
Other physical details ил.
Dimensions 28с см.
653 ## - INDEX TERM--UNCONTROLLED
keyword Энциклопедический словарь
653 ## - INDEX TERM--UNCONTROLLED
keyword ენციკლოპედიური ლექსიკონი
700 ## - ADDED ENTRY--PERSONAL NAME
Personal name Введенский, Б. А.
Relator term მთავარი რედაქტორი
9 (RLIN) 2966
942 ## - ADDED ENTRY ELEMENTS (KOHA)
Source of classification or shelving scheme
Koha item type წიგნი
ეგზემპლარები
Withdrawn status Lost status Source of classification or shelving scheme Damaged status Not for loan Permanent Location Current Location Shelving location Date acquired Cost, normal purchase price Full call number Barcode Date last seen Copy number Price effective from Koha item type Public note
          ბათუმის შოთა რუსთაველის სახელმწიფო უნივერსიტეტის მთავარი ბიბლიოთეკა ბათუმის შოთა რუსთაველის სახელმწიფო უნივერსიტეტის მთავარი ბიბლიოთეკა წიგნსაცავი 2019-06-26 5.00 81'374.822 Э - 68 29182 2019-06-26 29182 2019-06-26 წიგნი 5 ლ.